000 00763nam a2200289Ia 4500
005 20260401125902.0
008 008 300114s9999 xx 000 0 eng d
020 _a9789353941666
037 _aEBOOK
040 _aCRL
040 _beng
040 _cCRL
041 _2eng
041 _aeng
084 _qCRL
100 _aPearson
245 0 _aGate Topic-Wise Previous Years' Solved Question Papers Computer Science And Information Technology
250 _a2020
260 _bPearson
260 _c2019
365 _b55341.53118421054
650 _aFOT (Computer Sciene)
_91233944
856 _uhttps://admin.elibrary.in.pearson.com/api/1.0/org/24122025/launchlibrary
942 _cEBOOK
999 _c1847827
_d1847827